| 000 | 00500ntaaa2200181 4500 | ||
|---|---|---|---|
| 003 | 01 | ||
| 005 | 20251027201220.0 | ||
| 008 | 0714s1973 ag 01 | ||
| 040 |
_aAR-BaBN _bspa _cAR-BaBN _eaacr _dRIC |
||
| 082 | _a220.823 C91 | ||
| 100 |
_aCunliffe-Jones, H. _910123 |
||
| 245 |
_aAuthority of the biblical Revelation / _cH. Cunliffe-Jones |
||
| 250 |
_a1 ed. : _bJ. Clarke and Co., _cc/945 |
||
| 300 | _a119 p. | ||
| 650 |
_aBiblia-Teología _99198 |
||
| 650 |
_aTeología Bíblica _9313 |
||
| 942 | _cBK | ||
| 999 |
_c6470 _d6470 |
||